Championnat de France: Les 10 derniers clubs à avoir été au moins une fois Champion de France de Football - Statistiques

Statistiques générales
  • Ce quiz a été pris 2 656 fois
  • Le résultat moyen est 9 sur 10
Statistiques - réponses
Réponse % Correct
Paris SG
100%
Olympique de Marseille
98%
Olympique Lyonnais
98%
AS Monaco
95%
Lille OSC
95%
Girondins de Bordeaux
92%
Montpellier HSC
90%
FC Nantes
88%
RC Lens
79%
AJ Auxerre
64%
Aucun quiz correspondant
Distribution des résultats
% des personnes avec chaque résultat
Percentile par nombre de réponses
Votre historique - résultats
Vous n’avez pas pris ce quiz